| 000 | 01130cam a22003374a 4500 | ||
|---|---|---|---|
| 001 | 16739070 | ||
| 005 | 20180224024932.0 | ||
| 008 | 110418s2011 paua b 001 0 eng | ||
| 010 | _a 2011015414 | ||
| 016 | 7 |
_a015856326 _2Uk |
|
| 020 | _a9781439907313 (cloth : alk. paper) | ||
| 020 | _a1439907315 (cloth : alk. paper) | ||
| 020 | _a9781439907320 (pbk. : alk. paper) | ||
| 020 | _a1439907323 (pbk. : alk. paper) | ||
| 020 | _a9781439907337 (ebook) | ||
| 020 | _a1439907331 (ebook) | ||
| 035 | _a(OCoLC)ocn714726364 | ||
| 040 |
_aDLC _cDLC _dYDX _dBTCTA _dUKMGB _dYDXCP _dDLC |
||
| 041 | _aeng | ||
| 042 | _apcc | ||
| 043 | _an-us--- | ||
| 080 | _a305.8009 | ||
| 082 | 0 | 0 |
_a305.8009 THO _222 |
| 100 | 1 | _a50 | |
| 101 | _aSOC | ||
| 245 | 1 | 0 |
_aMulticultural girlhood : _cMary E. Thomas. |
| 504 | _aIncludes bibliographical references (p. [191]-200) and index. | ||
| 906 |
_a7 _bcbc _corignew _d1 _eecip _f20 _gy-gencatlg |
||
| 942 |
_2ddc _cBK |
||
| 999 |
_c43340 _d43340 |
||